| 000 | 00858cam a22002531 4500 | ||
|---|---|---|---|
| 001 | ne 67000083 | ||
| 003 | DLC | ||
| 005 | 20260227111828.0 | ||
| 008 | 740220s1964 le 000 0 eng | ||
| 010 | _ane 67000083 | ||
| 035 | _a(OCoLC)808830 | ||
| 040 |
_aDLC _cCtFaU _dDLC |
||
| 041 | 0 |
_aeng _aara |
|
| 050 | 0 | 0 |
_aPJ6830.B3 _bM3 |
| 082 | _a492.779 | ||
| 100 | 1 | _aMcCarthy, Richard Joseph. | |
| 245 | 1 | 0 |
_aSpoken Arabic of Baghdad _c[by] R. J. McCarthy and Faraj Raffouli. |
| 260 |
_aBeirut, _bLibrairie orientale, _c1964-<1965> |
||
| 300 |
_av. <1-2, pt. 1> _c23cm. |
||
| 490 | 0 |
_aPublications of the Oriental Institute of al-Hikma University. Linguistic series ; _v1-2 |
|
| 505 | 1 | _apt. 1. Grammar and exercises -- pt.2 (A). Anthology of texts | |
| 650 | 0 |
_aArabic language _xDialects _zIraq _zBaghdad. |
|
| 700 | 1 |
_aRaffouli, Faraj, _ejoint author. |
|
| 999 |
_c49308 _d49308 |
||